000 00759nam a2200265Ia 4500
008 160803s9999 xx 000 0 und d
020 _a9780545102025
100 _aDanneberg, Julie
245 _aFirst day jitters /
245 _cJulie Danneberg ; illustrated by Judy Love.
260 _aNew York :
260 _bScholastic Inc.
260 _c2000
300 _a1 volume (unpaged) :
300 _bcolor illustrations ;
300 _c26 cm
500 _aReprint. Originally published: Watertown, Mass. : Charlesbridge Pub., 2000.
650 _aFirst day of school --
650 _aSchools --
650 _aTeachers --
650 _xJuvenile fiction.
650 _xJuvenile fiction.
650 _xJuvenile fiction.
700 _a210
999 _c298927
_d298927